Представление документа в формате MARC21

Поле Инд. ПП Название Значение
Тип записи a
Библиографический уровень a
001 Контрольный номер b2bcc38a9bc04aa799876a6dc9082c66
005 Дата корректировки 20210224152232.8
040 a Служба первич. каталог. НБ ТвГУ
b Код языка каталог. rus
e Правила каталог. PSBO
041 0_ a Код языка текста rus
097 b Оператор Komarova.ES
098 b Факультет Институт педагогического образования и социальных технологий
c Кафедра Педагогики и психологии начального образования
100 1_ a Автор Новохатская Екатерина Алексеевна
q Полное имя Новохатская Е. А.
245 10 a Заглавие Анализ понятия «эмоциональная культура педагога»
260 a Место издания Тверь
504 a Библиография Библиогр.: с. 64-65 (17 назв.)
520 0_ a Аннотация В статье рассмотрена сущность понятия «эмоциональная культура педагога», как одного из механизмов успешности адаптации будущих педагогов в условиях реформирования системы образования. Проведён анализ генетически исходных понятий «культура» и «эмоция». Предложено рабочее определение изучаемого феномена.
653 0_ a Ключевые слова Труды Тверского государственного университета
a Ключевые слова Культура
a Ключевые слова Антропологический подход
a Ключевые слова Педагогика
a Ключевые слова Исследования
a Ключевые слова Эмоции
a Ключевые слова Профессиональная культура
773 18 w Контрольный № источника 7e15894b3bf841839de261c5f071005b
t Название источника Молодежь и государство: научно-методологические, социально-педагогические и психологические аспекты развития современного образования
d Место и дата издания Тверь, 2020
g Прочая информация С. 60-65
856 40 u URL http://texts.lib.tversu.ru/texts/150144t.pdf
x Примечание для ЭОР Справка УИС 2020
x Примечание для ЭОР Реестр суммарного учета сетевых локальных документов
i Дата подключения ЭОР 20210224
901 t Тип документа a
920 a Оператор Кома
954 b Дата поступления в ОК 20210217